Nedir bu sürdürülebilirlik hikayesi / (Record no. 22659)

MARC details
000 -BAŞLIK
Sabit Uzunluktaki Kontrol Alanı 00733nam a22002057a 4500
003 - KONTROL NUMARASI KİMLİĞİ
Kontrol Alanı koha_MIRAKIL
005 - EN SON İŞLEM TARİHİ ve ZAMANI
Kontrol Alanı 20250924153357.0
008 - SABİT UZUNLUKTAKİ VERİ ÖGELERİ - GENEL BİLGİ
Sabit Alan 250924b tur||||| |||| 00| 0 tur d
020 ## - ISBN - ULUSLARARASI STANDART KİTAP NUMARASI
Isbn 9786259725086
040 ## - KATALOGLAMA KAYNAĞI
Özgün Kataloglama Kurumu TR-IsEVY
Kataloglama Dili tur
Çeviri Kurumu TR-IsEVY
082 ## - DEWEY ONU SINIFLAMA SİSTEMİ
Sınıflama Numarası 363.7 ÇIN/N
100 ## - KİŞİ ADI
Yazar Adı (Kişi adı) Çınar, Şule
245 #0 - ESER ADI BİLDİRİMİ
Başlık Nedir bu sürdürülebilirlik hikayesi /
Sorumluluk Bildirimi Şule Çınar, Yeşim Özen Açıl ; resimleyen Emre Sarıçam.
260 ## - YAYIN, DAĞITIM, VB.
Yayın Yeri İstanbul :
Yayınevi Mandolin,
Yayın Tarihi 2025.
300 ## - FİZİKSEL TANIMLAMA
Sayfa, Cilt vb. 48 s. :
Diğer fiziki detaylar renkli resimli ;
Boyutları 21 cm.
650 ## - KONU BAŞLIĞI EK GİRİŞ - KONU TERİMİ
Konusal terim veya coğrafi ad Küresel Sorunlar.
Alt başlık biçimi Sürdürülebilirlik.
-- Açlık.
-- Tüketim ve Üretim.
-- Karasal Yaşam.
700 1# - EK GİRİŞ - KİŞİ ADI
Yazar Adı (Kişi adı) Açıl, Yeşim Özen
Ünvan yazar.
700 1# - EK GİRİŞ - KİŞİ ADI
Yazar Adı (Kişi adı) Sarıçam, Emre.
Ünvan resimleyen.
942 ## - EK GİRİŞ ÖGELERİ (KOHA)
Source of classification or shelving scheme Dewey Decimal Classification
Koha item type Kitap
Holdings
Kayıp Durumu Sınıflandırma Kaynağı Hasarlı Durumu Koleksiyon Kodu Kalıcı Konum Mevcut Konum Kayıt Tarih Edinim Kaynağı Toplam Ödünçverme Yer Numarası Demirbaş Numarası Çıkış Durumu Son Görülme Tarihi Son Kontrol Tarihi Fatura Tarihi Materyal Türü
  Dewey Decimal Classification   İlkokul İLKOKUL KÜTÜPHANESİ İLKOKUL KÜTÜPHANESİ 24/09/2025 Bağış 2 363.7 ÇIN/N 24037 15/04/2026 01/04/2026 01/04/2026 24/09/2025 Kitap